00962cam a22002411 450000500170000000800410001704000230005804100130008104400070009408200180010110000230011924501490014226000330029130000390032450400410036354600240040465000320042865000340046065000320049494200150052699900150054195201640055620160215162059.0710714s1967 ne b 000 0 eng  aDLCcDLCdDLCdWaU0 aengbfre ane04a597.672bA84t1 aAssem, J. van den.10aTerritory in the three-spined stickleback Gasterosteus aculeatus L.: an experimental study in intra-specific competition,cpor J. van den Assem. aLeiden,bE. J. Brill,c1967. aviii, 164 páginas ;c24 x 16 cm. aBibliografía: páginas [158]-159. aResumen en frances. 0aThreespinexTerritoriality. 6aGasterosteusxterritorialidad 6aCompetición animalxpeces 2ddccLIBRO c4863d4863 00102ddc40708GENERALIINV2017aBogotabBogotad2005-11-23eInstitutol0oLB-597.672 A84tp021984r2012-12-04 00:00:00tEj. 1w2012-12-04xDonaciónyLIBRO